Ensayos sobre el individualismo: una perspectiva antropológica sobre la ideología moderna
محفوظ في:
| المؤلف الرئيسي: | |
|---|---|
| التنسيق: | كتاب |
| اللغة: | الإسبانية |
| منشور في: |
Madrid
Alianza
1987
|
| سلاسل: | Alianza Universidad. Ciencias Sociales, 484
|
| الموضوعات: | |
| الوسوم: |
إضافة وسم
لا توجد وسوم, كن أول من يضع وسما على هذه التسجيلة!
|
MARC
| LEADER | 00000nam a2200000 a 4500 | ||
|---|---|---|---|
| 001 | UCW8205 | ||
| 003 | CL-VaPUC | ||
| 008 | 880713e19870000SP |||||||||||||||||spa|d | ||
| 082 | 0 | 4 | |a 302.5 |b DUM |2 21 |
| 100 | 0 | |a Dumont, Louis |e author |9 313335 | |
| 245 | 1 | 0 | |a Ensayos sobre el individualismo: una perspectiva antropológica sobre la ideología moderna |
| 300 | |a 291 p | ||
| 942 | |c BK | ||
| 945 | |d 19880713 00:00:00 | ||
| 260 | |a Madrid |b Alianza |c 1987 | ||
| 650 | 0 | |a Individualismo |9 313336 | |
| 583 | |a last modification |c 19880713 00:00:00 |k Rodrigo Vera | ||
| 490 | 0 | |a Alianza Universidad. Ciencias Sociales, 484 | |
| 999 | |c 220662 |d 220660 | ||
| 952 | |0 0 |1 0 |4 0 |6 302_500000000000000_DUM_1987 |7 0 |8 A |9 213177 |a BIBHIS |b BIBEDU |d 2019-11-15 |i 2814986 |l 5 |o 302.5 DUM 1987 |p 2814986 |r 2025-01-20 |s 2021-04-30 |w 2019-11-15 |y BK |k HIS | ||